Responses for show #4543 - Wednesday, May 12, 2004

2004 Power Players Week game 3.
From Washington, D.C.

Contestants

Aaron Brown, an Emmy Award-winning newsman from CNN's popular primetime newscast

Ashleigh Banfield, a TV correspondent originally from Canada

Ari Fleischer, a former White House Press Secretary from the current Bush administration

Jeopardy! Round responses

PRESIDENTIAL RELATIVES
THE UNITED STATES OF ADVERTISING
THE CONSTITUTION
CABLE TALK
"CC" ME ON THAT
(Alex: Each correct response will contain 2 "C"s.)
PROUD TO BE A SECRETARY
    $200 25
(Ashleigh: Who is Roosevelt?)
(Alex: Which one?)
(Ashleigh: ...F... D... R.)

Teddy Roosevelt

AshleighAaron
    $200 11
(Ashleigh: What is... Motrin?)

Advil

AshleighAaron
    $200 1
the House of Representatives

Ari
    $200 4
Dennis Miller

Ari
    $200 7
Donald Rumsfeld

Ari
    $400 24
(Ashleigh: Who is Ronald Reagan?)
...
(Aaron: Uhhhh... who's [*]?)
(Alex: Yes, we're going for the actor.)
(Aaron: I felt real sure about that, didn't I?)
[Laughter]
(Alex: Yes. Positive, full of indecision!)
(Aaron: Uh, uh... I wish that cable thing were still there.)

Tom Hanks

AshleighAaron
    $400 16
Marlboros

Ashleigh
    $400 2
(Aaron: Uh, Thoma--who is Thomas Jefferson?)

George Washington

AriAaron
    $400 12
Alan Colmes

Aaron
    $400 8
Alexander Haig

Aaron
    $600 23
(Ari: Who is Gerald Ford?)

Caroline Kennedy

Ari
Triple Stumper
    $600 17
Red Bull

Ashleigh
    $600 3
alcohol (or liquor)

Ashleigh
    $600 13
Louis Rukeyser

Ashleigh
    $600 9
Elizabeth Dole

Aaron
    $800 22
John Tyler

Triple Stumper
    $800 18
sunglasses

Ashleigh
    $800 5
Rhode Island

Aaron
    $800 14
Bill O'Reilly

Aaron
    $1,400 10
(Aaron: [Chuckles] Sure.)
[Laughter]
(Aaron: Uhhhh... uh... Who is Thomas Jefferson?)

Monroe

Aaron
    $1000 21
Richard Nixon

Ari
    $1000 19
(Ari: What is aspirin?)

Alka-Seltzer

AriAaron
    $1000 6
3/4

Ari
    $1000 15
Chris Matthews

Ashleigh
    $1000 20
the Department of Homeland Security

Ari

Scores at the first commercial break (after clue 13):

Ari Ashleigh Aaron
$2,000 $1,000 $600

Scores at the end of the Jeopardy! Round:

Ari Ashleigh Aaron
$2,400 $3,200 $3,000

Double Jeopardy! Round responses

A EUROPEAN TOUR
SPORTS TALK
IN THE BOOKSTORE
10-LETTER WORDS
YOU MAKE ME SICK
I'M MORE THAN JUST A SECRETARY
    $400 1
Switzerland

Aaron
    $400 2
the Indianapolis 500

Aaron
    $400 17
Donald Trump

Ashleigh
    $400 7
athlete's foot

Ari
    $400 8
Helen Gurley Brown

Aaron
    $800 13
(Aaron: What is Glasgow?)

Edinburgh

Aaron
Triple Stumper
    $800 3
the pocket

Aaron
    $800 18
the South Beach Diet

Ashleigh
    $800 24
[The end-of-round signal sounds.]

the manuscript

Ashleigh
    $800 9
pollen

Ashleigh
    $1200 14
(Ari: What is Finland?)
(Aaron: What is Norway?)

Denmark

AriAaron
Triple Stumper
    $1200 4
(Ashleigh: What is love?)

40-to-40 (or 40 all)

Ashleigh
Triple Stumper
    $3,200 19
(Ashleigh: Who is... mm.)

Margaret Truman

Ashleigh
    $1200 23
aquamarine

Triple Stumper
    $1200 10
(Ashleigh: What is fainting?)

a meal

Ashleigh
Triple Stumper
    $1600 15
BMW

Ari
    $1600 5
a broom

Aaron
    $1600 20
Isaac Asimov

Triple Stumper
    $1600 22
(Aaron: What is a bigamist?)

a polygamist

AshleighAaron
    $1600 11
(Ashleigh: What are measles?)

chicken pox

Ashleigh
Triple Stumper
    $3,000 16
Ernest Hemingway

Ari
    $2000 6
(Ashleigh: I used to babysit for him.)
(Alex: Are you serious?)
(Ashleigh: I am not kidding. He's my neighbor.)
(Alex: Oh, boy. Okay.)
(Ashleigh: If I got that wrong, he'd kill me.)

Bobby Hull

Ashleigh
    $2000 21
(Ashleigh: [*]?)
(Alex: ...You didn't phrase it in the form of a question, but that's all right.)
(Ashleigh: What is [*]?)
(Alex: That's correct.)
(Ashleigh: Beg your pardon... sir.)
[Laughter]
(Alex: I love it when they call me sir.)

your excellency

Ashleigh
    $2000 12
mononucleosis

Ari

Scores at the end of the Double Jeopardy! Round:

Ari Ashleigh Aaron
$8,200 $4,400 $3,000

[wagering suggestions for these scores]

Final Jeopardy! Round responses

POP CULTURE
(Alex: They will remain friends, but they have decided to spend time apart.)
AaronWho are Ken + Barbi
$3,000
AshleighWho s ?
$4,400
AriWho is Elizabeth Taylor?
$2,000
Ken & Barbie

Final scores:

Ari Ashleigh Aaron
$6,200 $0 $6,000
Winner: $50,000 for the March of Dimes 3rd place: $20,000 for the Child Abuse Prevention Center 2nd place: $20,000 for the Make-A-Wish Foundation

Game dynamics:

Coryat scores:

Ari Ashleigh Aaron
$7,200 $7,600 $4,400
11 R
(including 1 DD),
3 W
13 R,
7 W
(including 1 DD)
14 R,
5 W
(including 1 DD)

Combined Coryat: $19,200

The J! Archive is created by fans, for fans. The Jeopardy! game show and all elements thereof, including but not limited to copyright and trademark thereto, are the property of Jeopardy Productions, Inc. and are protected under law. This website is not affiliated with, sponsored by, or operated by Jeopardy Productions, Inc. Join the discussion at JBoard.tv.